000 00676ctm a22001815a 4500
001 L140697
008 071005s1873 xxk eng u
035 _a(Sirsi) u140697
041 0 _aeng
110 2 _aMoore and Garrard
_95373
245 0 0 _aBolton's Farm, Layfield 1st May 1873
_bsale of furniture, live and dead stock and effects for the Trustees of Mr Jonathan Garrard under a deed of assignment for benefit of creditors
_h[manuscript]
260 _c1873
300 _a1 v.
_b16 cm.
351 _cSingle item
500 _aNote book containing details of purchasers and prices paid for lots at the above auction.
710 2 _aHoyne and Brundish
_95374
942 _n0
999 _c116433
_d116433